[Event "Østlandsserien 2023/2024, 2. div. B"]
[Site "Oslo NOR"]
[Date "2024.01.06"]
[Round "3"]
[White "Omtvedt, Per"]
[Black "Johnson, David"]
[Result "1-0"]
[WhiteElo "1734"]
[BlackElo "1664"]
[PlyCount "109"]
[EventDate "2023.10.29"]
[WhiteTeam "SK 1911 2"]
[BlackTeam "Follo 1"]

1. e4 e5 2. Nf3 Nc6 3. Bb5 Nf6 4. d3 Bc5 5. c3 d6 6. O-O a6 7. Ba4 Bg4 8. Be3 Nd7 9. b4 Ba7 10. Nbd2 b5 11. Bb3 Ne7 12. Bxa7 Rxa7 13. Bxf7+ Kf8 14. Bb3 Nf6 15. h3 Bh5 16. Qe2 Bf7 17. Bxf7 Kxf7 18. Ng5+ Kg8 19. Qe3 Ra8 20. f4 exf4 21. Qxf4 Ng6 22. Qf5 Qe8 23. d4 h6 24. Qe6+ Qxe6 25. Nxe6 c6 26. a4 Re8 27. Nc7 Re7 28. Nxa6 Nxe4 29. Nxe4 Rxe4 30. axb5 cxb5 31. Nc7 Kh7 32. Nxb5 Re3 33. Rfe1 Rhe8 34. Rxe3 Rxe3 35. Kf2 Rd3 36. Ra2 d5 37. Rc2 Nf4 38. Nc7 Rd1 39. b5 Rb1 40. Kf3 g5 41. h4 Nd3 42. Kg4 Kg6 43. hxg5 hxg5 44. Ra2 Nf4 45. Ra6+ Kf7 46. g3 Ne2 47. Rc6 Rg1 48. Kxg5 Rxg3+ 49. Kf5 Nxc3 50. b6 Ne2 51. Rf6+ Kg7 52. Ne6+ Kh7 53. Ke5 Rb3 54. Kxd5 Kh8 55. Kc6 1-0

[Event "Østlandsserien 2023/2024, 2. div. B"]
[Site "Moss, Østfold NOR"]
[Date "2024.01.07"]
[Round "4"]
[White "Lange, David"]
[Black "Rivshovd, Svein"]
[Result "1/2-1/2"]
[WhiteElo "1989"]
[BlackElo "2174"]
[PlyCount "64"]
[EventDate "2023.10.29"]
[WhiteTeam "Follo 1"]
[BlackTeam "Moss"]

1. d4 d5 2. Nf3 Nf6 3. c4 e6 4. e3 Be7 5. Nc3 O-O 6. Bd3 dxc4 7. Bxc4 c5 8. O-O Nc6 9. dxc5 Bxc5 10. a3 a6 11. b4 Be7 12. Bb2 b5 13. Bb3 Qb6 14. Qe2 Bb7 15. Rfd1 Rfd8 16. Rxd8+ Rxd8 17. Rd1 Rxd1+ 18. Bxd1 Qd8 19. Bc2 Qd6 20. Ne4 Nxe4 21. Bxe4 Bf6 22. Bxf6 gxf6 23. Qd2 Qxd2 24. Nxd2 Nd8 25. Kf1 f5 26. Bxb7 Nxb7 27. Nb3 Kf8 28. Ke2 Ke7 29. Kd3 Kd6 30. f3 Kd5 31. Kc3 Nd6 32. Nd2 Ke5 1/2-1/2

[Event "Østlandsserien 2023/2024, 2. div. B"]
[Site "Moss, Østfold NOR"]
[Date "2024.01.07"]
[Round "4"]
[White "Kongevold, Hans-Inge"]
[Black "Lange, Holger"]
[Result "1/2-1/2"]
[WhiteElo "1956"]
[BlackElo "1743"]
[Annotator "Lange,Holger"]
[PlyCount "44"]
[EventDate "2023.10.29"]
[WhiteTeam "Moss"]
[BlackTeam "Follo 1"]

1. d4 Nf6 2. Bf4 d5 3. e3 Bf5 4. c4 e6 5. Qb3 Qc8 6. Nc3 c6 7. Rc1 dxc4 8. Bxc4 Be7 9. Nf3 O-O 10. O-O Nbd7 11. h3 Nb6 12. Be2 Nfd5 13. Bh2 Rd8 14. Ne5 Bd6 15. Rfd1 $2 (15. Nb5 $1 Bb8 16. Bf3 Nf6 17. Rfd1 $14) 15... f6 16. Nd3 Bxh2+ 17. Kxh2 Bg6 18. Kg1 Bf7 19. Qc2 Bg6 20. Qb3 Bf7 21. Qc2 $6 (21. Nc5 Qc7 22. Bg4 $14) 21... Bg6 22. Qb3 Bf7 1/2-1/2

[Event "Østlandsserien 2023/2024, 2. div. B"]
[Site "Moss, Østfold NOR"]
[Date "2024.01.07"]
[Round "4"]
[White "Holm, Bjarne"]
[Black "Kristiansen, Rune Harald"]
[Result "0-1"]
[WhiteElo "1719"]
[BlackElo "1885"]
[Annotator "Lange,Holger"]
[PlyCount "40"]
[EventDate "2023.10.29"]
[WhiteTeam "Follo 1"]
[BlackTeam "Moss"]

1. c4 Nc6 2. g3 e5 3. Bg2 Nf6 4. Nc3 d6 5. e3 Bd7 6. d4 Be7 7. Nge2 Qc8 8. b3 Bh3 9. O-O $14 h5 $6 10. d5 $6 (10. f3 Bxg2 11. Kxg2 h4 12. g4 {og hvit står bedre}) 10... Nb8 11. e4 $2 (11. f3) 11... h4 12. Qd3 Na6 $2 13. f4 $2 Bxg2 14. Kxg2 Nc5 15. Qf3 hxg3 16. hxg3 $4 (16. Qxg3 Ncxe4 17. Nxe4 Nxe4 18. Qf3 $17 {men partiet fortsetter}) 16... Qh3+ {tapt for hvit} 17. Kf2 Ng4+ 18. Ke1 Nh2 19. Qh1 Nd3+ 20. Kd2 Nxf1+ 0-1

[Event "Østlandsserien 2023/2024, 2. div. B"]
[Site "Moss, Østfold NOR"]
[Date "2024.01.07"]
[Round "4"]
[White "Johansen, Arnstein"]
[Black "Kielland-Lund, Jon"]
[Result "0-1"]
[WhiteElo "1695"]
[BlackElo "1714"]
[Annotator "Tactical Analysis 5.3 (5s)"]
[PlyCount "86"]
[EventDate "2023.10.29"]
[WhiteTeam "Moss"]
[BlackTeam "Follo 1"]

1. c4 e5 2. Nc3 Nf6 3. g3 Nc6 4. Bg2 Bb4 5. Nf3 O-O 6. O-O Re8 7. d3 Bxc3 8. bxc3 h6 9. Nd2 (9. e4 $14 {[%eval 31,19] is superior.}) 9... d6 $11 10. Rb1 Na5 {The position is equal.} 11. Qa4 c6 12. Ba3 $1 c5 {Inhibits Bb4.} 13. Qc2 {[%eval -13,21]} (13. Rb5 $142 {[%eval 27,23]} Nc6 14. Rfb1) 13... Rb8 14. Rfe1 Be6 15. Ne4 Nxe4 16. Bxe4 Qc7 17. Bg2 Bf5 {[%eval -11,21]} (17... f5 $15 {[%eval -48,21]}) 18. e4 Bd7 19. Bc1 Rf8 20. f4 a6 21. Be3 b5 22. cxb5 axb5 23. f5 {[%cal Of5f6]} f6 24. Rb2 Rb7 {[%eval -13,23]} (24... c4 $15 {[%eval -47,20] feels stronger.}) 25. Qd2 Kh7 {[%eval -1,22]} (25... Nc6 $15 {[%eval -41,20] should be considered.}) 26. g4 Nc6 {[%eval 39,23]} (26... Rfb8 $11 {[%eval 1,22]}) 27. h4 $14 b4 28. cxb4 Rxb4 29. Rxb4 Nxb4 30. g5 {[%eval -1,24]} (30. a3 $1 $14 {[%eval 41,25]} Nc6 31. g5) {Xg6} 30... Ra8 $1 $11 {[%emt 0:00:01]} 31. Qe2 {[%eval -33,24]} (31. Ra1 $11 {[%eval -1,22] deserves consideration.}) 31... Be8 32. Ra1 Ra3 {[%eval -17,24]} (32... Bb5 $1 $15 {[%eval -61,22]} 33. Rd1 (33. Qh5 Nc2 $17) 33... Rxa2) 33. Bc1 Rxd3 {[%eval 63,28]} (33... Ra5 $11 {[%eval -1,22]}) 34. a3 {[%eval 1,24]} (34. g6+ $1 $14 {[%eval 63,28]} Kh8 35. a3) 34... Qa7 {[#] ...c4+ is the strong threat.} 35. axb4 $1 Qxa1 36. Qxd3 $4 {[%eval -288,26][%mdl 8192] This costs White the game.} (36. g6+ $11 {[%eval -1,28]} Kh8 37. Qxd3 Qxc1+ 38. Kh2) 36... Qxc1+ {[%mdl 4096] Endgame KQB-KQB} 37. Bf1 $2 {[%eval -598,30]} (37. Kf2 {[%eval -311,28] was called for.} Qf4+ 38. Kg1 hxg5 39. hxg5 Qxg5 40. Qh3+ Kg8 41. Qc3) 37... hxg5 38. hxg5 {[%eval -800,25]} (38. bxc5 $142 {[%eval -485,27]} Qxc5+ 39. Kg2) 38... Qxg5+ $19 39. Bg2 cxb4 {[%cal Bc5b4,Bb4b3,Bb3b2][%mdl 32]} 40. Qxd6 b3 {Black mates.} 41. Qb8 Qc1+ 42. Kh2 b2 43. Qxe8 Qh6+ {Weighted Error Value: White=0.62/Black=0.18  (very precise)} 0-1

[Event "Østlandsserien 2023/2024, 4. div. E"]
[Site "Ås, Akershus NOR"]
[Date "2024.01.07"]
[Round "3"]
[White "Berisha, Xhafe"]
[Black "Johansen, Anders Sten"]
[Result "0-1"]
[WhiteElo "1674"]
[BlackElo "1716"]
[PlyCount "69"]
[EventDate "2023.10.29"]
[WhiteTeam "Sarpsborg 2 Ungdom"]
[BlackTeam "Follo 2"]

1. e3 d5 2. Nf3 Nf6 3. c4 c6 4. Nc3 e6 5. d4 Nbd7 6. c5 Be7 7. Bd3 O-O 8. Qc2 h6 9. Bd2 b6 10. b4 Qc7 11. O-O e5 12. e4 exd4 13. Nxd4 bxc5 14. Nf5 Bd6 15. f4 cxb4 16. Ne2 Bc5+ 17. Kh1 dxe4 18. Bxe4 Nxe4 19. Qxe4 Nf6 20. Qc2 Bxf5 21. Qxf5 Qd6 22. Rad1 Nd5 23. Ng3 Qf6 24. Qc2 Bb6 25. Ne4 Qf5 26. Qc4 Rfd8 27. Ng3 Qf6 28. f5 Nc3 29. Qxb4 Nxd1 30. Rxd1 Rd4 31. Qb1 Rad8 32. Nh5 Qg5 33. Qb2 Qxh5 34. g4 Qxg4 35. Rg1 0-1

[Event "Østlandsserien 2023/2024, 4. div. E"]
[Site "Ås, Akershus NOR"]
[Date "2024.01.07"]
[Round "3"]
[White "Brenden, Torbjørn"]
[Black "Johnsen, Frode"]
[Result "1-0"]
[WhiteElo "1616"]
[BlackElo "1499"]
[PlyCount "83"]
[EventDate "2023.10.29"]
[WhiteTeam "Follo 2"]
[BlackTeam "Sarpsborg 2 Ungdom"]

1. e4 Nf6 2. e5 Nd5 3. d4 d6 4. c4 Nb6 5. exd6 cxd6 6. Bd3 g6 7. Ne2 Bg7 8. Nbc3 Nc6 9. Be3 e6 10. Rc1 a6 11. b3 Bd7 12. O-O O-O 13. c5 dxc5 14. dxc5 Nd5 15. Nxd5 exd5 16. Bb1 Be6 17. Nd4 Qd7 18. f4 Nxd4 19. Bxd4 Rac8 (19... f5) (19... Bxd4+) 20. Bxg7 Kxg7 21. f5 Bxf5 22. Bxf5 gxf5 23. Qd3 Qe6 24. Rce1 Qg6 25. Rxf5 Rce8 26. Ref1 (26. Rxd5 Qxd3 27. Rxd3) 26... Re5 27. Qd4 f6 28. Rxe5 fxe5 29. Qxe5+ Kg8 30. Qxd5+ Kg7 31. Qxb7+ Kg8 32. Rxf8+ Kxf8 33. Qf3+ Ke7 34. Qe2+ Kf7 35. h3 h6 36. Qf3+ Kg7 37. Kh2 Qe6 38. Qg3+ (38. Qg4+) 38... Kh7 39. Qc7+ Kh8 40. c6 Qe2 41. Qf4 Qe8 42. Qxh6+ 1-0

[Event "Østlandsserien 2023/2024, 4. div. E"]
[Site "Ås, Akershus NOR"]
[Date "2024.01.07"]
[Round "3"]
[White "Omar, Said Ali"]
[Black "Nicolaisen, Lars-Henrik Nystøyl"]
[Result "1-0"]
[WhiteElo "1476"]
[BlackElo "1255"]
[PlyCount "83"]
[EventDate "2023.10.29"]
[WhiteTeam "Sarpsborg 2 Ungdom"]
[BlackTeam "Follo 2"]

1. e4 c6 2. d4 d5 3. f3 e6 4. e5 c5 5. c3 Qb6 6. f4 Nc6 7. Nf3 Bd7 8. a4 a6 9. Be2 Nh6 10. O-O cxd4 11. cxd4 Nf5 12. Kh1 Ncxd4 13. a5 Qa7 14. Bd3 Nxf3 15. Rxf3 Bc5 16. Nc3 d4 17. Ne4 Bc6 18. Rf1 Ne3 19. Bxe3 dxe3 20. Nd6+ Bxd6 21. exd6 Qc5 22. Qe2 Rd8 23. f5 Rxd6 24. fxe6 Rxe6 25. Bc4 Bb5 26. Rac1 Bxc4 $4 27. Rxc4 Qxa5 $4 28. Rc8+ Ke7 29. Rxh8 Qd2 30. Qf3 (30. Qxd2 $4 exd2 31. Kg1 Re1 32. Kf2 Rxf1+ 33. Kxf1 d1=Q+ {0-1}) 30... Rf6 31. Qxb7+ Qd7 32. Qxd7+ Kxd7 33. Rd1+ Ke7 34. Kg1 Rf2 35. Ra8 Rxb2 36. Rxa6 g6 37. Re1 Rb3 38. g3 Kf8 39. Ra2 f5 40. Rae2 Kg7 41. Rxe3 Kf6 42. Rxb3 1-0

[Event "Østlandsserien 2023/2024, 5. div."]
[Site "Ås, Akershus NOR"]
[Date "2024.01.07"]
[Round "3"]
[White "Hansen, Roy Drange"]
[Black "Skillestad, Sverre"]
[Result "0-1"]
[WhiteElo "1470"]
[BlackElo "1217"]
[PlyCount "58"]
[EventDate "2023.10.29"]
[WhiteTeam "Eiker 3"]
[BlackTeam "Follo 3"]

1. e4 c5 2. Nf3 Nc6 3. c3 e6 4. d4 d5 5. e5 Qb6 6. b3 Bd7 7. Ba3 Nh6 8. h3 Rc8 9. Be2 cxd4 10. Bxf8 Rxf8 11. cxd4 Nf5 12. O-O Nfxd4 13. Nbd2 Qc5 14. Rc1 Qxc1 15. Nxd4 Nxd4 16. Bd3 Qxd1 17. Rxd1 Bb5 18. Bxb5+ Nxb5 19. Kf1 Rc2 20. Ke1 Ke7 21. Nf3 Rfc8 22. a4 Nc3 23. Rd3 Ne4 24. Nd4 Rxf2 25. Ne2 Rc2 26. Re3 Rxg2 27. Kf1 Rf2+ 28. Ke1 Rfxe2+ 29. Rxe2 Rc1# 0-1

[Event "Østlandsserien 2023/2024, 5. div."]
[Site "Ås, Akershus NOR"]
[Date "2024.01.07"]
[Round "3"]
[White "Hrituleac, Kosta"]
[Black "Dale, Einar"]
[Result "1-0"]
[WhiteElo "1185"]
[BlackElo "1079"]
[PlyCount "61"]
[EventDate "2023.10.29"]
[WhiteTeam "Follo 3"]
[BlackTeam "Eiker 3"]

1. e4 c5 2. Nf3 d6 3. d4 cxd4 4. Nxd4 Nf6 5. Nc3 a6 6. Bg5 e5 7. Nf3 Be7 8. Bc4 O-O 9. O-O b5 10. Bxf6 Bxf6 11. Bb3 Bb7 12. Bd5 Nc6 13. Ne2 Rb8 14. Ng3 Ne7 15. Bxb7 Rxb7 16. Nh5 Nc6 17. Qd5 Rc7 18. Nxf6+ Qxf6 19. Rad1 Rd8 20. Qb3 Ne7 21. Qa3 Ra7 22. Qa5 Raa8 23. Rd2 d5 24. exd5 Rxd5 25. Rxd5 Nxd5 26. Rd1 e4 27. Rxd5 exf3 28. gxf3 h6 29. Rxb5 Rd8 30. Re5 Qxf3 31. Qxd8+ 1-0

[Event "Østlandsserien 2023/2024, 2. div. B"]
[Site "Ås, Akershus NOR"]
[Date "2024.02.04"]
[Round "5"]
[White "Knudsen, Ragnar"]
[Black "Aamodt, Peder Marcus"]
[Result "0-1"]
[WhiteElo "2007"]
[BlackElo "1931"]
[Annotator "Aamodt,Peder Marcus"]
[PlyCount "140"]
[EventDate "2023.10.29"]
[WhiteTeam "Sarpsborg 1"]
[BlackTeam "Follo 1"]

1. d4 d5 2. Nf3 Nf6 3. e3 c5 4. Bd3 Nc6 5. c3 Bg4 6. Nbd2 e6 7. O-O cxd4 $5 (7... Bd6 8. dxc5 Bxc5 9. b4 (9. e4 $6 O-O 10. exd5 exd5 $15) 9... Bd6 10. h3 Bh5 11. a3 $13) 8. exd4 Bd6 9. Re1 O-O 10. h3 (10. Nf1 Qc7 11. Bg5 Bh5 $5 12. Ng3 Bg6 13. Bxg6 hxg6 $13) 10... Bh5 11. g4 $6 (11. Nf1 Qc7 12. Bg5 Rae8 $5 $146 13. Bxf6 $2 gxf6 14. Ne3 Kh8 15. Ng4 Bxg4 16. hxg4 Rg8 $17) 11... Bg6 12. Bxg6 hxg6 13. Ne5 $6 (13. Qe2 Qc7 14. Ne5 Rae8 15. f4 Nd7 16. Nxd7 Qxd7 17. Nf3 Qc7 18. Ne5 g5 $15) 13... Qc7 (13... Bxe5 $1 14. dxe5 Nd7 15. f4 (15. Nf3 f6 $17) 15... g5 $1 $17) 14. f4 g5 $6 (14... b5 15. Ndf3 Ne4 16. Qe2 Ne7 $1 17. h4 f6 $17) 15. fxg5 Nd7 $6 $146 (15... Bxe5 16. dxe5 Nd7 17. Nf3 Ncxe5 18. Nxe5 Nxe5 19. Qe2 (19. Bf4 $2 Qb6+ 20. Kg2 Ng6 21. Bg3 Qxb2+ $19) 19... Ng6 $17) 16. Nxd7 Qxd7 17. Nf3 Rae8 18. Ne5 Qc7 19. Qe2 f6 $2 (19... Bxe5 20. dxe5 d4 $1 21. Bf4 dxc3 22. bxc3 Rc8 23. Rac1 Ne7 $15) 20. Nxc6 (20. Ng6 Rf7 21. Be3 e5 $14) 20... bxc6 21. g6 $1 Bf4 $2 22. g5 $2 (22. Qf3 $1 Bh6 23. Be3 e5 24. Re2 $16 (24. Bxh6 $5 gxh6 25. Kg2 $13)) 22... Bxg5 (22... Bxc1 23. Qh5 (23. Raxc1 $5 Qg3+ 24. Qg2 Qh4 $13) 23... Qg3+ 24. Kh1 Qxe1+ 25. Kg2 Qe4+ 26. Kg1 Qe1+ 27. Kg2 Qe4+ $11) 23. Qh5 $6 (23. Bxg5 fxg5 24. Qg4 Qf4 $13) 23... Qg3+ 24. Kf1 Qh4 $1 $15 (24... Bh6 $2 25. Re2 $1 (25. Bxh6 $11 gxh6 26. Qxh6 Qf3+ 27. Kg1 Qg3+ 28. Kf1 Qf3+) 25... e5 26. Bxh6 gxh6 27. Qxh6 Re7 28. Rg2 $16) 25. Qxh4 Bxh4 26. Re2 e5 27. Be3 Bg5 28. Bxg5 fxg5+ 29. Kg1 e4 30. Kh2 $2 (30. Rg2 Rf6 31. Rxg5 Ree6 $15) 30... Re6 31. Rg1 Rxg6 32. Rg3 Rf5 33. c4 Kf7 $6 (33... Kh7 $1 34. Reg2 Kh6 $1 35. cxd5 cxd5 36. h4 Kh5 $1 $19) 34. cxd5 $2 (34. Ra3 $1 Rd6 35. Rxa7+ Kg6 36. cxd5 cxd5 $11) 34... cxd5 35. Rc2 Rb6 36. a3 a5 37. b4 $5 (37. Kg2 a4 $19) 37... axb4 38. Rb3 Rf3 39. Rxb4 (39. Rxf3+ exf3 40. Rf2 b3 $1 41. Rxf3+ Ke6 42. Rf1 b2 43. Rb1 Kf5 44. a4 Ke4 45. a5 Rb8 46. a6 Kxd4 47. a7 Ra8 48. Rxb2 Rxa7 $19) 39... Rxb4 40. axb4 Rb3 (40... Rd3 41. Rb2 Rxd4 42. b5 e3 $1 (42... Rc4 43. b6 Rc8 44. b7 Rb8 45. Kg3 Ke6 46. Kg4 Kd6 47. Kxg5 Kc6 $19) 43. b6 Rd2+ 44. Rxd2 exd2 45. b7 d1=Q 46. b8=Q Qe2+ 47. Kg1 Qe3+ 48. Kg2 Qe4+ 49. Kg1 d4 $19) 41. Rc5 Ke6 42. b5 (42. Rc6+ Kf5 43. Rd6 Rxb4 44. Rxd5+ Kf4 45. Rd8 Rb2+ 46. Kg1 Kg3 $19) 42... Rb4 43. Rc6+ Kf5 44. b6 Rxd4 45. Rc5 Rb4 46. Rxd5+ Kf4 47. Kg2 Rb2+ 48. Kf1 Rxb6 49. Ra5 Rb1+ 50. Kg2 Rb2+ 51. Kg1 e3 52. Ra7 Kg3 53. Kf1 Kxh3 54. Rxg7 Rf2+ 55. Ke1 g4 56. Re7 g3 57. Rh7+ Kg2 58. Rh6 Kg1 59. Rg6 g2 60. Rh6 e2 $1 61. Rh7 Rf1+ $1 62. Kxe2 Rf2+ 63. Ke1 Rf5 $1 64. Rh8 Re5+ 65. Kd2 Kf2 66. Rf8+ Kg3 67. Rg8+ Kf3 68. Kd3 Rd5+ 69. Kc4 Rd1 70. Rf8+ Ke2 0-1

[Event "Østlandsserien 2023/2024. 2. div. B"]
[Site "Ås, Akershus NOR"]
[Date "2024.02.04"]
[Round "5"]
[White "Lange, David"]
[Black "Eriksen, Lars Erik"]
[Result "1/2-1/2"]
[WhiteElo "1993"]
[BlackElo "1900"]
[Annotator "Lange,Holger"]
[PlyCount "94"]
[EventDate "2023.10.29"]
[WhiteTeam "Follo 1"]
[BlackTeam "Sarpsborg 1"]

1. d4 Nf6 2. c4 g6 3. Nf3 d6 4. g3 Bg7 5. Bg2 O-O 6. O-O Nbd7 7. Nc3 c6 8. b3 e5 9. dxe5 dxe5 10. Bb2 Re8 11. Qc2 Qc7 12. Rad1 Nc5 13. e4 Bg4 14. h3 Bxf3 15. Bxf3 Ne6 16. Ne2 Rad8 17. Bg2 Nh5 18. Bf3 Qe7 19. h4 $6 (19. Bxh5 gxh5 20. h4 $14) 19... Nd4 20. Bxd4 exd4 21. c5 Qe5 22. Qc4 a5 23. Rfe1 Bf8 24. Rxd4 $2 Bxc5 $2 (24... Nxg3 $1 25. Rxd8 Nxe2+ 26. Rxe2 Rxd8 $19 {med solid bonde over og mye bedre stilling}) 25. Rxd8 Rxd8 26. Kg2 Nf6 27. Qc3 Qxc3 28. Nxc3 Bb4 29. Rd1 Re8 30. Ne2 Re7 $6 ({enklere og bedre er} 30... Nxe4 31. Bxe4 Rxe4 32. Kf3 Re7 $15) 31. Rd4 c5 32. Rd8+ Kg7 33. Rb8 Nxe4 34. Nf4 Nc3 35. Nd5 Rd7 36. Nxc3 Bxc3 37. Rxb7 Rd2 38. Kf1 Bd4 39. Be2 Rxa2 40. f4 a4 41. bxa4 Rxa4 42. Rc7 Rb4 43. Kg2 h5 44. Kf3 Rb3+ 45. Kg2 Rb4 (45... Rb2 46. Kf1 (46. Kf3 $2 Kf8 47. Rc8+ Ke7 48. Ra8 f5 $17) 46... Rb1+ 47. Kg2 Rg1+ 48. Kf3 Rc1 49. Kg2 Rc2 50. Kf1 Kf6 {og svart står litt bedre}) 46. Kf3 Rb3+ 47. Kg2 Rb4 1/2-1/2

[Event "Østlandsserien 2023/2024, 2. div. B"]
[Site "Ås, Akershus NOR"]
[Date "2024.02.04"]
[Round "5"]
[White "Mosbye, Karl"]
[Black "Lange, Holger"]
[Result "1/2-1/2"]
[WhiteElo "1860"]
[BlackElo "1786"]
[PlyCount "74"]
[EventDate "2023.10.29"]
[WhiteTeam "Sarpsborg 1"]
[BlackTeam "Follo 1"]

1. f4 d5 2. Nf3 c5 3. b3 Nc6 4. e3 Nf6 5. Bb5 Bd7 6. Bb2 e6 7. O-O Be7 8. d3 O-O 9. Nbd2 Ng4 10. Bxc6 Nxe3 11. Qe2 Nxf1 12. Bxb7 Nxd2 13. Ne5 Rb8 14. Bc6 Bc8 15. Qxd2 f6 16. Nf3 c4 17. Ba4 cxd3 18. Qxd3 Qb6+ 19. Kh1 Ba6 20. Qd2 Bb5 21. Bxb5 Qxb5 22. Re1 Qa6 23. a4 Rfe8 24. Nd4 Bc5 25. h3 Bxd4 26. Bxd4 Rbc8 27. Qf2 Re7 28. Bc5 Rec7 29. b4 Qc6 30. a5 Qd7 31. c3 Re8 32. Bd4 Rf8 33. Qe3 Re8 34. Qf2 Rec8 35. Qg3 Rf8 36. Qf2 Re8 37. Qg3 Rf8 1/2-1/2

[Event "Østlandsserien 2023/2024, 2. div. B"]
[Site "Ås, Akershus NOR"]
[Date "2024.02.04"]
[Round "5"]
[White "Kielland-Lund, Jon"]
[Black "Njå, John-Olav G"]
[Result "1/2-1/2"]
[WhiteElo "1720"]
[BlackElo "1781"]
[Annotator "Kielland-Lund,Jon"]
[PlyCount "52"]
[EventDate "2023.10.29"]
[WhiteTeam "Follo 1"]
[BlackTeam "Sarpsborg 1"]

1. c4 Nf6 2. Nc3 e5 3. Nf3 Nc6 4. g3 Be7 5. Bg2 O-O 6. O-O d6 7. d4 exd4 8. Nxd4 Bd7 {[%eval 87,30] [%wdl 395,605,0]} (8... Nxd4 $14 {[%eval 54,29] [%wdl 101,899,0] is superior.} 9. Qxd4 Ng4) 9. Nxc6 Bxc6 10. Bxc6 {[%eval 0,34] [%wdl 5,990,5]} (10. e4 $14 {[%eval 65,26] [%wdl 163,837,0]}) 10... bxc6 $11 11. e4 {The position is equal.} Re8 12. b3 Qd7 13. Qf3 Rad8 (13... Ng4 {looks sharper.} 14. Bb2 Bf6 15. Rad1 c5) 14. Rd1 Bf8 15. Bg5 Re6 16. Qg2 Rde8 {[%cal Rf6e4]} 17. f3 Qc8 18. Qd2 h6 19. Be3 a6 20. Re1 Qb7 {[%cal Od6d5]} 21. Rad1 Kh7 {[%eval 58,31] [%wdl 102,898,0]} (21... Nd7 $11 {[%eval 22,30] [%wdl 15,984,1]}) 22. Bd4 Qc8 {[%eval 95,28] [%wdl 457,543,0]} (22... g6 $14 {[%eval 45,32] [%wdl 51,949,0]}) 23. Kg2 {White is better.} Qd8 {[%eval 128,25] [%wdl 838,162,0]} (23... g6 $142 {[%eval 80,31] [%wdl 275,725,0]}) 24. Qc2 {White has more active pieces.} Kg8 25. Qd2 {[%eval 73,31] [%wdl 201,799,0]} ({White should try} 25. Ne2 {[%eval 107,26] [%wdl 615,385,0]}) 25... Kh7 {[%eval 130,24] [%wdl 853,147,0]} (25... Qb8 $142 {[%eval 73,31] [%wdl 201,799,0]}) 26. Qc2 (26. Ne2 {[%emt 0:00:41]}) 26... Kg8 {Weighted Error Value: White=0.15 (very precise) /Black=0.19 (very precise) I et anfall av sjakkblindhet, så jeg ikke fortsettelsen, som var Se2. Jeg mente at gampen sto godt på c3 og vurderte bare avslag på f6. Da mente jeg at hvit ville komme i bakrus, når svart fikk aktivert løperen. Korrekt plan er Se2 fulgt av La1 og så plassere gampen på f4 eller d4.} 1/2-1/2

[Event "Østlandsserien 2023/2024, 4. div. E"]
[Site "Oslo NOR"]
[Date "2024.02.04"]
[Round "4"]
[White "Furnes, Torstein"]
[Black "Jørgensen, Catherine"]
[Result "1-0"]
[WhiteElo "1669"]
[BlackElo "1351"]
[Annotator "Furnes,Torstein"]
[PlyCount "89"]
[EventDate "2023.10.29"]
[WhiteTeam "Follo 2"]
[BlackTeam "Stjernen 4"]

1. d4 Nf6 2. c4 d5 3. cxd5 Nxd5 4. e4 Nb6 5. Nf3 a6 6. Nc3 e6 7. Be2 Be7 8. O-O O-O 9. Be3 N8d7 10. Rc1 c5 11. Qb3 cxd4 12. Bxd4 Bc5 13. Rfd1 Bxd4 14. Rxd4 Rb8 15. Rcd1 Qc7 16. Rd6 Na8 17. Qc2 h6 18. e5 Re8 (18... b5) 19. Qe4 (19. Qd2) 19... Nf8 (19... b5) 20. g4 $6 (20. Qg4 {fulgt av Se4 er bedre.}) 20... Qe7 (20... b5) 21. h4 ({Stockfish vil heller spille} 21. g5 $1 hxg5 22. Qg4 f6 23. Qg3 $18) 21... Nh7 22. Bd3 ({Stockfish vil fortsatt spille} 22. g5 $1 hxg5 23. hxg5 Nxg5 24. Qg4 Nh7 25. Bd3 g6 26. Kg2 b5 27. Rh1 $18) 22... f5 23. gxf5 {Slår feil bonde.} ({Det er sterkere å spille} 23. exf6 $1 {og det følger en artig variant flere offisersofre:} Nxf6 24. Qg6 $1 Qxd6 25. g5 Rf8 26. gxf6 Rxf6 27. Qh7+ Kf7 28. Ng5+ $1 hxg5 29. Bg6+ $1 Rxg6 30. Rxd6 $18) 23... exf5 24. Qf4 Rf8 25. Bc4+ Kh8 26. Nd5 Qf7 27. Kh2 ({Sterkest er} 27. Nf6 $1 Qg6+ 28. Kh2 gxf6 29. Rg1 Qh5 (29... Qe8 30. Qxh6 Qe7 31. Rxf6 Be6 32. Rxe6) 30. exf6 {med mattangrep}) 27... Be6 28. Ne3 ({Stockfish vil spille} 28. Rxe6 $1 Qxe6 29. Nd4 $18) 28... Bxc4 29. Nxc4 Rbe8 30. Rd7 Re7 31. Nd6 Qe6 32. Rxe7 Qxe7 33. Qd4 $2 {Nå forsvinner mye av hvitfordelen.} ({Det korrekte er å spille} 33. h5 $1) 33... Nc7 34. Rc1 Ne6 35. Qb6 Nd8 36. Rc7 Qe6 37. a4 ({Stockfish vil heller spille} 37. Qb3 $1 Qxb3 38. axb3 $18) 37... Kg8 ({Her foreslår Stockfish} 37... Nf6 $1 38. exf6 Rxf6 39. Nf7+ $1 Kg8 40. Qxe6 Nxe6 41. Re7 Kf8 42. Rxb7 Rxf7 43. Rb6) 38. a5 f4 39. Nxb7 Qxb6 40. axb6 Nxb7 41. Rxb7 Rd8 42. Rc7 Nf8 43. b7 Rb8 44. Nd4 Kh7 45. Nc6 1-0

[Event "Østlandsserien 2023/2024, 4. div. E"]
[Site "Oslo NOR"]
[Date "2024.02.04"]
[Round "4"]
[White "Vatneødegård, Marie"]
[Black "Johansen, Anders Sten"]
[Result "1/2-1/2"]
[WhiteElo "1302"]
[BlackElo "1725"]
[PlyCount "120"]
[EventDate "2023.10.29"]
[WhiteTeam "Stjernen 4"]
[BlackTeam "Follo 2"]

1. e4 c5 2. Nf3 d6 3. Bb5+ Bd7 4. Bxd7+ Qxd7 5. O-O Nc6 6. c3 Nf6 7. Re1 g6 8. d4 cxd4 9. cxd4 d5 10. e5 Ne4 11. Nc3 Nxc3 12. bxc3 e6 13. Bg5 Bg7 14. Rb1 h6 15. Bf6 O-O 16. h4 b6 17. Qd2 Rfc8 18. Nh2 Ne7 19. Ng4 Nf5 20. Bxg7 Kxg7 21. Nf6 Qc7 22. Qf4 Rh8 23. Rbc1 h5 24. g3 Rac8 25. Re2 b5 26. Rec2 Ne7 27. Kg2 Ng8 28. Qg5 Nxf6 29. Qxf6+ Kh7 30. Re2 Rhf8 31. Re3 Qd8 32. Qf4 Kg7 33. Rb1 a6 34. Rb3 Rc4 35. Ra3 a5 36. Rb3 b4 37. cxb4 axb4 38. Re1 Qe7 39. Reb1 Ra8 40. R1b2 Ra3 41. Rxa3 bxa3 42. Rb3 Rc2 43. Qe3 Rxa2 44. Qc3 g5 45. Qf3 g4 46. Qe3 Rb2 47. Rxa3 Rb8 48. Rc3 Rf8 49. Qc1 Kg6 50. Rc7 Qd8 51. Qc2+ Kg7 52. Rb7 Qa5 53. Qd3 Qe1 54. Rc7 Qe4+ 55. Qxe4 dxe4 56. Kf1 Kg6 57. Ke2 Kf5 58. Ke3 f6 59. Rh7 Kg6 60. Re7 Kf5 1/2-1/2